Регионална библиотека "Любен Каравелов" - Русе

Ужасния Хенри (Запис номер 175742)

MARC детайли
000 -Лидер
Контролно поле с фиксирана дължина 01535nam a2200385 c 4500
003 - Код на организацията, давaща контролен номер
Контролно поле BLK
005 - Дата и час на последна редакция
Контролно поле 20240914122457.0
008 - Елементи от данни с фиксирана дължина
fixed length control field 180411b bul|||||r ||||||| ||bul||
010 ## - Наследен системен номер
LC control number KNG00184336000
020 ## - Международен стандартен номер на книга ISBN
Международен стандартен номер на книга ISBN 978-954-660-613-6
-- издат.: ПАН
040 ## - Източник на каталожния запис
Идентификатор на билиотеката - собственик на записа BLK
041 ## - Код за език
Код за езика на текст/звукозапис или на отделно заглавие Български
Код за езика КДБФ Български
072 #7 - Код за тематичната категория
Код организация bullib
Код за тематична категория Н85
Текст Детска художествена литература Н
080 ## - УДК
Текстов определител УДК Американска литература (на САЩ)
УДК код - определител по УДК 821.111(73)
УДК определител -93-32
УДК - код + определител 821.111(73)-93-32
100 1# - Редна дума - Автор
Автор Саймън, Франческа
Авторска отговорност първи автор
R(LIN) 340287
139 ## - Редно поле
Редна дума Саймън, Франческа
Авторски знак Сав - С 13
245 10 - Сведения за заглавието
Заглавие Ужасния Хенри
Редно поле (дума) Франческа Саймън; ил. Тони Рос; прев. Юлия Йорданова Пискулийска.
257 ## - Страна на издаване
Страна на създаване/издаване Съединени американски щати
260 ## - Област на издателските данни
-- София
Име на издателя, разпространителя и проч. ПАН
Година на издаване 2015
Печатница София : Инвестпрес
300 ## - Физическа характеристика
Страници 96 с.
Илюстрации и др. с ил.
Размери/Мащаб 20 см
380 ## - Жанр
Жанр Детска худож. лит.
500 ## - Общи забележки
Забележка Ориг. загл. Horrid Henry / Francesca Simon.
653 ## - Ключова дума – ненормативна
Ключова дума повести
653 ## - Ключова дума – ненормативна
Ключова дума литература за деца
653 ## - Ключова дума – ненормативна
Ключова дума детска литература
659 ## - Тематичен бюлетин
Тематичен бюлетин Н
700 1# - Други автори (авторска отговорност)
Лично име Рос, Тони
Автороска отговорност (Описва отношението между автора и произведението) ил.
9 (RLIN) 383259
700 1# - Други автори (авторска отговорност)
Лично име Пискулийска, Юлия Йорданова
9 (RLIN) 298327
852 ## - Местоположение
Форматна сигнатура Цб 277772
856 4# - Електронен адрес и достъп
Електронен формат pdf - файл
Път до файла /url/
856 4# - Електронен адрес и достъп
Електронен формат pdf - файл
Път до файла /url/
942 ## - АРТИКУЛИ
Вид на библиотечния материал Книги
Скрит в OPAC Не
Koha issues (borrowed), all copies 9
944 ## - СЪЗДАВАНЕ И РЕДАКЦИЯ на ЗАПИСА
Създаване/Редакция Създаване
Дата на регистрацията/редакция 30.10.2015
Статус, дата на статуса Бояна Костадинова
Служител, извършил регистрацията/редакцията 30551
944 ## - СЪЗДАВАНЕ И РЕДАКЦИЯ на ЗАПИСА
Създаване/Редакция Редакция
Дата на регистрацията/редакция 28.11.2017
Статус, дата на статуса ф /
Служител, извършил регистрацията/редакцията Пенка_Димитрова
999 ## - СИСТЕМНИ КОНТРОЛНИ НОМЕРА
Koha biblionumber 175742
Koha biblioitemnumber 175742
Наличности
Код за отписване Код за изгубен артикул Код за повреда Коз за рестрикции Код за отдаване Артикулен № Име на библиотеката - собственик Име на библиотеката, в която се намира в момента Статус (Текущо местоположение) Дата на вписване в системата Местоположение - отдел Цена в лева Инвентарен номер Систематично азбучна сигнатура Баркод Номер на екземпляра Цена в евро Служебна бележка Служебен тип на артикула
  Не е изгубен Не е повреден без рестрикции заемане за дома 302645 Регионална библиотека "Любен Каравелов" Русе Регионална библиотека "Любен Каравелов" Русе Детски отдел 2015-10-30 Детски отдел 5.90 120000794222 ДХ 820/899/С 13 120000794222 1 3.02 Дост: DA Вид: А N: 20 Дата: 30.10.2015 Дата инв: 02.11.2015 Бележки инв: Д2015 Книги
  Не е изгубен Не е повреден без рестрикции заемане за дома 302646 Регионална библиотека "Любен Каравелов" Русе Регионална библиотека "Любен Каравелов" Русе Детски отдел 2016-10-13 Детски отдел 5.90 120000804624 ДХ 820/899/С 13 120000804624 2 3.02 Дост: Pk Вид: Ф N: 472 Дата: 13.10.2016 Книги
  Не е изгубен Не е повреден без рестрикции заемане за дома 302647 Регионална библиотека "Любен Каравелов" Русе Регионална библиотека "Любен Каравелов" Русе Детски отдел 2016-10-13 Детски отдел 5.90 120000804625 ДХ 820/899/С 13 120000804625 3 3.02 Дост: Pk Вид: Ф N: 472 Дата: 13.10.2016 Книги
  Не е изгубен Не е повреден без рестрикции ползва се в читалня 302648 Регионална библиотека "Любен Каравелов" Русе Регионална библиотека "Любен Каравелов" Русе Хранилище 2017-11-28 Хранилище 5.90 120000817351 Цб 277772 120000817351 4 3.02 Дост: Dp Вид: Д N: 44 Дата: 05.10.2017 Книги
Vip Innovations Ltd, Rousse, Bulgaria 2025